000
00333 a2200157 4500
001
190580
020
_a
0-7189-1019-2
040
_c
Magnum
100
_a
Ulug, Pervin
240
1
0
_a
The golden apple tree
_l
ING
245
1
0
_a
The golden apple tree
300
_a
35
362
0
_a
1985
697
_a
LITERATURA INGLESA
942
_c
BK
999
_c
190580
_d
190580